000
00358 a2200169 4500
001
186012
020
_a
85-7666-331-7
040
_c
Magnum
100
_a
Maluhy, Suzana
240
1
0
_a
Ciências 7ª série
_l
por
245
1
0
_a
Ciências 7ª série
300
_a
362
0
_a
2000
440
1
_a
Escala Educacional
697
_a
CIÊNCIAS
942
_c
BK
999
_c
186012
_d
186012